000 00615nam a2200217Ia 4500
003 OSt
005 20220925220817.0
006 a|||||r|||| 00| 0
007 ta
008 220923b |||||||| |||| 00| 0 eng d
037 _cGeneral Book
040 _aRTL
_cRTL
_beng
041 _2eng
_aeng
082 _aX06B.56124.N49, H9
100 _aAllen R.G.D.
_9123428
245 0 _aMathematical Analysis for Economists.
260 _aLondon
_bMacmillan and Co. Ltd.
_c1949
300 _axv; 548p.
_ccm.
942 _hX06B.56124.N49, H9
_cGB
_2CC
999 _c572544
_d572544